000 00899nam0a2200277 4500
001 RU\NLR\bibl\1188128
005 20260406124736.0
010 _a978-5-699-16998-6
_93100
021 _aRU
_b2007-89163
_94817
035 _a(NLR Aleph) 001174696
090 _a1619532
_c1619532
100 _a20080213d2007 |||y0rusy50 ca
101 1 _arus
_ceng
102 _aRU
105 _aa |||||||||
200 1 _aПризрачные огни
_fДин Кунц
_g[пер. с англ. Т.П. Матц, М.В. Матц]
210 _aМосква
_cЭксмо
_d2007
215 _a507 с.
_cил.
_d20
225 1 _aДин Кунц. Коллекция
225 1 _aКоллекция Эксмо
700 1 _4070
_8rus
_7ca
_aКунц
_bД. Р.
_f1945-
_gДин Р.
_3RU\NLR\auth\771228
_9111257
801 0 _aRU
_bNLR
_c20080213
_gRCR
801 1 _aRU
_bNLR
_c20080213
942 _cBOOK
980 _aNB